000 01230nam a22002777a 4500
003 dpl
005 20180908115414.0
008 180908b xxu||||| |||| 00| 0 eng d
010 _aB-068282
020 _c150.00
035 _aB-068282, B-068286
037 _bCen Lib/Ret
040 _aDPL
_bHN
_c0
082 _a
_bनौकरी
245 _aनौकरीपेशा नारी :
_cसंपादक पुष्पलाल सिंह
_bकहानी के आईने में /
246 _aNaukaripesha nari : kahani ke ayine mei/
_bsampadak Pushplal Singh
260 _aनयी दिल्ली
_bसामायिक प्रकाशन
_c2002
270 _bनयी दिल्ली
_a3320-21 जटवाडा, नेताजी सुभाष मार्ग, दरयागंज
_e110002
300 _a173p.
_c19से.मी. (सजिल्द)
650 _aसाहित्य--कहानियां
_91200
650 _aहिंदी--कहानियां
_92082
650 _aLiterature--stories
_976146
650 _aHindi--stories
_976147
700 _aपुष्पलाल सिंह
_976148
942 _2ddc
_cHN
_h
_mनौकरी
999 _c117665
_d117665